[Event "Paranaense-ch U20"]
[Site "Pirai do Sul"]
[Date "2019.07.14"]
[Round "6.4"]
[White "Xavier, Kayo Henrique Campo"]
[Black "Fraga, Heitor Carneiro"]
[Result "1-0"]
[WhiteElo "1518"]
[BlackElo "1761"]
[PlyCount "101"]
[EventDate "2019.07.12"]
[EventType "swiss"]
[EventRounds "6"]
[EventCountry "BRA"]
[SourceTitle "EXT 2022"]
[Source "ChessBase"]
[SourceDate "2021.10.06"]
[SourceVersion "1"]
[SourceVersionDate "2021.10.06"]
[SourceQuality "1"]

1. e4 c6 2. d4 d5 3. e5 Bf5 4. g4 Bg6 5. h4 h6 6. h5 Bh7 7. f4 e6 8. Bd3 Bxd3 9. Qxd3 c5 10. c3 Nc6 11. f5 exf5 12. gxf5 cxd4 13. cxd4 Qa5+ 14. Nc3 Qb4 15. Nf3 Nge7 16. a3 Qc4 17. Qxc4 dxc4 18. Nb5 Nd5 19. Nc3 0-0-0 20. Nxd5 Rxd5 21. Be3 f6 22. Rc1 fxe5 23. Rxc4 exd4 24. Ne5 Kc7 25. Bf4 Kb6 26. Nxc6 bxc6 27. Be5 Kb5 28. Rc2 c5 29. Re2 Rg8 30. Bxd4 Rxf5 31. Kd2 a6 32. Bxc5 Rf4 33. Ba7 Bc5 34. Bxc5 Kxc5 35. b4+ Kb5 36. Re7 Rf2+ 37. Ke3 Ra2 38. Ra7 Re8+ 39. Kd3 Rd8+ 40. Kc3 Rc8+ 41. Kb3 Rg2 42. Rxa6 Kxa6 43. Rh3 Rg1 44. Re3 Rb1+ 45. Ka4 Rc4 46. Re6+ Kb7 47. Rb6+ Kc8 48. Rb5 Kd8 49. Ra5 Rbxb4+ 50. axb4 Rxb4+ 51. Kxb4 1-0

[Event "Paranaense-ch U20"]
[Site "Pirai do Sul"]
[Date "2019.07.13"]
[Round "3.4"]
[White "De Oliveira, Wythor Rogerio"]
[Black "Xavier, Kayo Henrique Campo"]
[Result "0-1"]
[WhiteElo "1463"]
[BlackElo "1518"]
[PlyCount "85"]
[EventDate "2019.07.12"]
[EventType "swiss"]
[EventRounds "6"]
[EventCountry "BRA"]
[SourceTitle "EXT 2022"]
[Source "ChessBase"]
[SourceDate "2021.10.06"]
[SourceVersion "1"]
[SourceVersionDate "2021.10.06"]
[SourceQuality "1"]

1. e4 e6 2. d4 d5 3. exd5 exd5 4. Nf3 Nc6 5. Be3 Bd6 6. Bd3 Bg4 7. Nbd2 Nge7 8. c3 Qd7 9. Qc2 h6 10. h3 Bf5 11. 0-0-0 Bxd3 12. Qxd3 f5 13. Nb3 0-0-0 14. Rde1 g5 15. Ne5 Bxe5 16. dxe5 Nxe5 17. Qd4 N5c6 18. Qd3 f4 19. Nc5 Qd6 20. Qb5 Na5 21. Bd4 Nec6 22. Bxh8 Rxh8 23. b4 a6 24. Nxa6 bxa6 25. Qxa6+ Nb7 26. Re2 Nb8 27. Qb5 Qc6 28. Qd3 Nd6 29. Re5 Ne4 30. Kb2 Nxf2 31. Qf5+ Qd7 32. Rf1 Ne4 33. Rxd5 Qxf5 34. Rxf5 Ng3 35. R1xf4 gxf4 36. Rxf4 Re8 37. Rh4 h5 38. a4 Re2+ 39. Kb3 Rxg2 40. a5 Nd7 41. c4 Kb7 42. b5 Rf2 43. Rd4 0-1

[Event "Paranaense-ch U20"]
[Site "Pirai do Sul"]
[Date "2019.07.13"]
[Round "4.3"]
[White "Xavier, Kayo Henrique Campo"]
[Black "Silva, Richard Santana"]
[Result "1/2-1/2"]
[WhiteElo "1518"]
[BlackElo "1479"]
[PlyCount "42"]
[EventDate "2019.07.12"]
[EventType "swiss"]
[EventRounds "6"]
[EventCountry "BRA"]
[SourceTitle "EXT 2022"]
[Source "ChessBase"]
[SourceDate "2021.10.06"]
[SourceVersion "1"]
[SourceVersionDate "2021.10.06"]
[SourceQuality "1"]

1. e4 e6 2. d4 d5 3. exd5 exd5 4. Bd3 Nf6 5. Nc3 c6 6. Nf3 Bd6 7. Ne2 0-0 8. 0-0 Bg4 9. Ng3 Nbd7 10. h3 Bxf3 11. Qxf3 Re8 12. c3 g6 13. Bg5 Bf8 14. Rfe1 Bg7 15. Re2 Qb6 16. Rae1 Re7 17. Rxe7 Re8 18. Rxe8+ Nxe8 19. Qe2 Nef6 20. Bxf6 Bxf6 21. a3 Qd8 1/2-1/2

[Event "Brasilia LBX Cup 05"]
[Site "Brasilia"]
[Date "2019.05.19"]
[Round "6"]
[White "Xavier, Kayo Henrique Campo"]
[Black "Guedes, Luis Augusto Maio"]
[Result "0-1"]
[WhiteElo "1755"]
[BlackElo "1843"]
[PlyCount "67"]
[EventDate "2019.05.16"]
[EventType "swiss"]
[EventRounds "6"]
[EventCountry "BRA"]
[SourceTitle "CBM 190 Extra"]
[Source "ChessBase"]
[SourceDate "2019.07.15"]
[SourceVersion "1"]
[SourceVersionDate "2019.07.15"]
[SourceQuality "1"]

1. e4 c5 2. Nf3 a6 3. d4 cxd4 4. Nxd4 Nf6 5. Nc3 e5 6. Nf3 Bb4 7. Bd2 0-0 8. a3 Bxc3 9. Bxc3 Nxe4 10. Bxe5 Re8 11. Bd3 Rxe5 12. Nxe5 Qa5+ 13. c3 Qxe5 14. Qe2 Nc6 15. Bxe4 d5 16. f4 Qxe4 17. Qxe4 dxe4 18. Rd1 Be6 19. 0-0 Bc4 20. Rfe1 Bd3 21. Kf2 Na5 22. b3 Nxb3 23. g4 g6 24. h4 Rc8 25. Rh1 Rxc3 26. g5 Rc2+ 27. Kg3 Nd4 28. h5 Nf5+ 29. Kh3 gxh5 30. Rb1 Be2 31. Kh2 Bf3+ 32. Kg1 Rg2+ 33. Kf1 Ne3+ 34. Ke1 0-1

[Event "Parana-ch"]
[Site "Curitiba"]
[Date "2018.11.25"]
[Round "6"]
[White "Silva, Richard Santana"]
[Black "Xavier, Kayo Henrique Campo"]
[Result "1/2-1/2"]
[WhiteElo "1394"]
[BlackElo "1271"]
[PlyCount "53"]
[EventDate "2018.11.22"]
[EventType "swiss"]
[EventRounds "7"]
[EventCountry "BRA"]
[SourceTitle "CBM 187 Extra"]
[Source "ChessBase"]
[SourceDate "2018.11.04"]
[SourceVersion "1"]
[SourceVersionDate "2018.11.04"]
[SourceQuality "1"]

1. d4 d5 2. c4 e6 3. cxd5 exd5 4. Nf3 Nf6 5. Bf4 c5 6. e3 Nc6 7. Nc3 Bg4 8. dxc5 Bxc5 9. Be2 Bxf3 10. Bxf3 d4 11. exd4 Qxd4 12. Bxc6+ bxc6 13. Qxd4 Bxd4 14. Bd2 0-0-0 15. 0-0 Ng4 16. Rad1 f6 17. b3 Rhe8 18. Be1 Rxe1 19. Rdxe1 Bxc3 20. Rc1 Rd3 21. Rfd1 Rxd1+ 22. Rxd1 c5 23. h3 Ne5 24. f4 Nc6 25. Rc1 Nd4 26. Kf2 Bb4 27. Ke3 1/2-1/2

[Event "Caioba Telecom op"]
[Site "Caioba"]
[Date "2018.08.04"]
[Round "7"]
[White "Stroher, Victor Augusto"]
[Black "Xavier, Kayo Henrique Campo"]
[Result "1-0"]
[WhiteElo "1498"]
[BlackElo "1251"]
[PlyCount "67"]
[EventDate "2018.08.01"]
[EventType "swiss"]
[EventRounds "9"]
[EventCountry "BRA"]
[SourceTitle "CBM 186 Extra"]
[Source "ChessBase"]
[SourceDate "2018.08.24"]
[SourceVersion "1"]
[SourceVersionDate "2018.08.24"]
[SourceQuality "1"]

1. d4 c5 2. dxc5 Qa5+ 3. Nc3 Qxc5 4. e4 Nf6 5. Bd3 e6 6. Nf3 d6 7. 0-0 Be7 8. Bf4 Nbd7 9. Re1 0-0 10. e5 dxe5 11. Nxe5 Bd6 12. Nxd7 Bxd7 13. Bxd6 Qb6 14. Bxf8 Rxf8 15. Ne4 Nxe4 16. Bxe4 Rd8 17. Qe2 Qxb2 18. Rab1 Qxa2 19. Rxb7 Kf8 20. Rd1 Ke8 21. Qd3 Qa4 22. Qd4 Qxd4 23. Rxd4 e5 24. Rdxd7 Rxd7 25. Rxd7 Kxd7 26. Bd5 f6 27. Kf1 Kd6 28. Bg8 h6 29. Ke2 a5 30. Kd3 Kc5 31. c3 a4 32. Ke4 g6 33. h4 a3 34. h5 1-0

[Event "Caioba Telecom op"]
[Site "Caioba"]
[Date "2018.08.02"]
[Round "4"]
[White "Xavier, Kayo Henrique Campo"]
[Black "Barreto, Marcelo Ferreira"]
[Result "1/2-1/2"]
[WhiteElo "1251"]
[BlackElo "1614"]
[PlyCount "117"]
[EventDate "2018.08.01"]
[EventType "swiss"]
[EventRounds "9"]
[EventCountry "BRA"]
[SourceTitle "CBM 186 Extra"]
[Source "ChessBase"]
[SourceDate "2018.08.24"]
[SourceVersion "1"]
[SourceVersionDate "2018.08.24"]
[SourceQuality "1"]

1. e4 c5 2. Nf3 Nc6 3. Nc3 g6 4. d4 cxd4 5. Nxd4 Bg7 6. Be3 Nf6 7. h3 0-0 8. f4 d6 9. Nf3 Bd7 10. Qd2 Rc8 11. Be2 a6 12. Rd1 Qc7 13. 0-0 b5 14. a3 Rfd8 15. Bd3 Na5 16. b4 Qxc3 17. bxa5 Qxd2 18. Bxd2 Bc6 19. Rfe1 Ne8 20. f5 e6 21. fxe6 fxe6 22. Ng5 Nc7 23. Be3 h6 24. Nf3 Kh7 25. Bb6 Rd7 26. Nh4 Bf6 27. Nf3 Bb2 28. Nd4 Na8 29. Nxe6 Re7 30. Nf4 Nxb6 31. axb6 Kg7 32. e5 g5 33. Nh5+ Kg8 34. exd6 Rxe1+ 35. Rxe1 Bxa3 36. Nf6+ Kf7 37. d7 Rd8 38. Ng4 Bxd7 39. Ne5+ Kg7 40. b7 Bd6 41. Nxd7 Rxd7 42. Re6 Bc5+ 43. Kh2 Rxb7 44. Rxa6 Rb6 45. Rxb6 Bxb6 46. Bxb5 Kf6 47. g4 Ke5 48. Kg3 Kd4 49. c4 Bc7+ 50. Kf3 Bf4 51. Ba6 Be5 52. c5 Kxc5 53. Ke4 Bf4 54. Kf5 Kd4 55. Kg6 Ke3 56. Kxh6 Kf2 57. Kh5 Kg3 58. Bf1 Kf2 59. h4 1/2-1/2

[Event "Maringa Parana-ch"]
[Site "Maringa"]
[Date "2018.02.03"]
[Round "7"]
[White "Monteiro, Helen Ramazzotte"]
[Black "Xavier, Kayo Henrique Campo"]
[Result "0-1"]
[WhiteElo "1061"]
[BlackElo "1800"]
[PlyCount "86"]
[EventDate "2018.01.31"]
[EventType "swiss"]
[EventRounds "8"]
[EventCountry "BRA"]
[SourceTitle "CBM 182 Extra"]
[Source "ChessBase"]
[SourceDate "2018.02.23"]
[SourceVersion "1"]
[SourceVersionDate "2018.02.23"]
[SourceQuality "1"]

1. c4 c5 2. Nc3 Nf6 3. g3 d6 4. Bg2 Nc6 5. Nf3 e6 6. 0-0 Be7 7. a3 a5 8. d3 0-0 9. Bd2 Bd7 10. Rb1 Rb8 11. Na2 d5 12. cxd5 Nxd5 13. Nc3 Bf6 14. Ne4 Qe7 15. Qc2 b6 16. Nxf6+ Qxf6 17. e4 Nc7 18. Bg5 Qg6 19. e5 Nb5 20. Qc4 Nbd4 21. Nxd4 Nxd4 22. Be7 Rfe8 23. Bd6 Bb5 24. Qa2 Bxd3 25. Bxb8 Bxb1 26. Rxb1 Rxb8 27. b4 Ne2+ 28. Qxe2 Qxb1+ 29. Bf1 axb4 30. Qb5 h6 31. h3 Qb2 32. axb4 Qxe5 33. h4 Qd4 34. bxc5 Qxc5 35. Qb1 b5 36. Bd3 b4 37. Bh7+ Kh8 38. Bc2 Rc8 39. Bb3 Qc1+ 40. Qxc1 Rxc1+ 41. Kg2 Rc3 42. Bd1 b3 43. Bxb3 Rxb3 0-1

[Event "Maringa Parana-ch"]
[Site "Maringa"]
[Date "2018.02.01"]
[Round "2"]
[White "Borges, Leonardo Hisao Hera"]
[Black "Xavier, Kayo Henrique Campo"]
[Result "1-0"]
[WhiteElo "1452"]
[BlackElo "1800"]
[PlyCount "57"]
[EventDate "2018.01.31"]
[EventType "swiss"]
[EventRounds "8"]
[EventCountry "BRA"]
[SourceTitle "CBM 182 Extra"]
[Source "ChessBase"]
[SourceDate "2018.02.23"]
[SourceVersion "1"]
[SourceVersionDate "2018.02.23"]
[SourceQuality "1"]

1. Nf3 c5 2. g3 Nc6 3. d4 cxd4 4. Nxd4 e5 5. Nxc6 bxc6 6. Bg2 Nf6 7. 0-0 Bb7 8. c4 Be7 9. Nc3 Rb8 10. Bg5 h6 11. Be3 a6 12. Na4 Ba8 13. b3 0-0 14. h3 d6 15. c5 d5 16. Qc2 Nd7 17. f4 f6 18. Bc1 Qa5 19. Ba3 Rb5 20. Rac1 Qc7 21. e4 Rbb8 22. Qd3 Qb7 23. Kh1 Kh8 24. exd5 cxd5 25. c6 Qb5 26. Qxb5 axb5 27. Bxe7 Rf7 28. cxd7 Rxe7 29. Rc8+ 1-0

[Event "Maringa Parana-ch"]
[Site "Maringa"]
[Date "2018.01.31"]
[Round "1"]
[White "Xavier, Kayo Henrique Campo"]
[Black "Shibata, Antonio Emilio"]
[Result "0-1"]
[WhiteElo "1800"]
[BlackElo "1895"]
[PlyCount "78"]
[EventDate "2018.01.31"]
[EventType "swiss"]
[EventRounds "8"]
[EventCountry "BRA"]
[SourceTitle "CBM 182 Extra"]
[Source "ChessBase"]
[SourceDate "2018.02.23"]
[SourceVersion "1"]
[SourceVersionDate "2018.02.23"]
[SourceQuality "1"]

1. e4 d5 2. exd5 Qxd5 3. Nc3 Qa5 4. Nf3 c6 5. d4 Bg4 6. Be2 Nf6 7. 0-0 e6 8. h3 Bh5 9. Ne5 Bxe2 10. Qxe2 Bd6 11. Nf3 Nbd7 12. Bd2 Qc7 13. Rfe1 0-0-0 14. Bg5 h6 15. Bxf6 gxf6 16. Ne4 Be7 17. c4 Nf8 18. d5 exd5 19. cxd5 Rxd5 20. Qc4 Ne6 21. Rac1 Nf4 22. Red1 Kb8 23. Rxd5 Nxd5 24. Nc5 Bxc5 25. Qxc5 Nf4 26. Qf5 Ne2+ 27. Kf1 Nxc1 28. Qxf6 Re8 29. Qxh6 Nd3 30. Qd2 Nf4 31. Qb4 a5 32. Qc4 Qd6 33. Qc1 Nd3 34. Qd2 Qc5 35. g3 Qf5 36. Kg2 Rh8 37. h4 Rg8 38. b3 Nf4+ 39. Kf1 Qh3+ 0-1